Catalog

Record Details

Catalog Search



Available copies

  • 4 of 5 copies available at LARL/NWRL Consortium.
  • 0 of 1 copy available at Lake Agassiz Regional Library. (Show preferred library)

Current holds

0 current holds with 5 total copies.

Show Only Available Copies
Location Call Number / Copy Notes Barcode Shelving Location Status Due Date
Detroit Lakes Public Library CON (Text) 33500012810735 Main Checked out 05/26/2026
Greenbush Public Library CON (Text) 35500006110132 Main Available -
Red Lake Falls Public Library CON (Text) 35500006293672 Main Available -
Thief River Falls Public Library CON (Text) 35500006123341 Main Available -
Warroad Public Library CON (Text) 35500006783540 Main Available -

Record details

  • ISBN: 9780316484800
  • ISBN: 0316484806
  • Physical Description: 433 pages ; 25 cm
  • Edition: First edition.
  • Publisher: New York : Little, Brown and Company, 2018.

Content descriptions

Summary, etc.:
Teaming up with Harry Bosch to reopen a cold case, ... Read More
Renée Ballard returns to Hollywood Station from ... Read More
Subject: Bosch, Harry > Fiction.
Bosch, Harry.
Bosch, Harry > Fiction.
Ballard, Renee > Fiction.
Ballard, Renee (Fictitious character) > Fiction.
Policewomen > Fiction.
Cold cases (Criminal investigation) > Fiction.
Hollywood (Los Angeles, Calif.) > Fiction.
Policewomen.
California > Los Angeles > Hollywood.
Murder > Investigation > Fiction.
Hollywood (Los Angeles, Calif.) > Fiction.
FICTION / Thrillers / Crime.
FICTION / Crime.
FICTION / Mystery & Detective / Police Procedural.
Genre: Mystery fiction.
Thrillers (Fiction)
Detective and mystery fiction.
Detective and mystery fiction.
Fiction.
Detective and mystery fiction.
LDR 03381cam a2200685Ii 4500
001278672
003LARL_NWRL_CONSORTIUM
00520211118171210.0
008180219s2018 nyu e 000 1 eng d
010 . ‡a 2018945140
040 . ‡aYDX ‡beng ‡erda ‡cYDX ‡dSSH ‡dQX9 ‡dETC ‡dOCLCO ‡dJTD ‡dFN4 ‡dTOH ‡dOCLCF ‡dJSE ‡dMRV ‡dLW1 ‡dLE@ ‡dPFLCL ‡dILC ‡dOCLCO ‡dSXP ‡dTCH
020 . ‡a9780316484800 ‡q(hardcover)
020 . ‡a0316484806 ‡q(hardcover)
035 . ‡a(OCoLC)1020450924
043 . ‡an-us-ca
08204. ‡a813/.6 ‡223
1001 . ‡aConnelly, Michael, ‡d1956- ‡eauthor. ‡0(LARL_NWRL_CONSORTIUM)103850
24510. ‡aDark sacred night / ‡cMichael Connelly.
250 . ‡aFirst edition.
264 1. ‡aNew York : ‡bLittle, Brown and Company, ‡c2018.
300 . ‡a433 pages ; ‡c25 cm
336 . ‡atext ‡btxt ‡2rdacontent
337 . ‡aunmediated ‡bn ‡2rdamedia
338 . ‡avolume ‡bnc ‡2rdacarrier
4900 . ‡aHarry Bosch ; ‡v21
4900 . ‡aRenee Ballard ; ‡v2
4900 . ‡aRenée Ballard and Harry Bosch ; ‡v1
520 . ‡aTeaming up with Harry Bosch to reopen a cold case, LAPD detective Renée Ballard navigates interpersonal differences to pursue justice for a murdered runaway in Hollywood.
520 . ‡aRenée Ballard returns to Hollywood Station from working the night beat. She finds a stranger rifling through old file cabinets-- retired detective Harry Bosch, working a cold case that has gotten under his skin. Ballard kicks him out, but then checks into the case herself. Bosch is investigating the death of fifteen-year-old Daisy Clayton, a runaway on the streets of Hollywood who was brutally murdered and her body left in a dumpster like so much trash. Now, Ballard joins forces with Bosch to find out what happened to Daisy and finally bring her killer to justice. -- adapted from jacket
60010. ‡aBosch, Harry ‡vFiction.
60017. ‡aBosch, Harry. ‡2fast
60014. ‡aBosch, Harry ‡vFiction.
60014. ‡aBallard, Renee ‡vFiction.
650 0. ‡aBallard, Renee (Fictitious character) ‡vFiction.
650 0. ‡aPolicewomen ‡vFiction. ‡0(LARL_NWRL_CONSORTIUM)166589
650 0. ‡aCold cases (Criminal investigation) ‡vFiction. ‡0(LARL_NWRL_CONSORTIUM)171531
651 0. ‡aHollywood (Los Angeles, Calif.) ‡vFiction. ‡0(LARL_NWRL_CONSORTIUM)168501
650 7. ‡aPolicewomen. ‡2fast ‡0(LARL_NWRL_CONSORTIUM)28469
651 7. ‡aCalifornia ‡zLos Angeles ‡zHollywood. ‡2fast
650 4. ‡aMurder ‡xInvestigation ‡vFiction. ‡0(LARL_NWRL_CONSORTIUM)166203
651 4. ‡aHollywood (Los Angeles, Calif.) ‡vFiction. ‡0(LARL_NWRL_CONSORTIUM)168501
650 7. ‡aFICTION / Thrillers / Crime. ‡2bisacsh
650 7. ‡aFICTION / Crime. ‡2bisacsh
650 7. ‡aFICTION / Mystery & Detective / Police Procedural. ‡2bisacsh
655 7. ‡aMystery fiction. ‡2gsafd
655 7. ‡aThrillers (Fiction) ‡2lcgft
655 7. ‡aDetective and mystery fiction. ‡2lcgft
655 7. ‡aDetective and mystery fiction. ‡2fast
655 7. ‡aFiction. ‡2fast
655 4. ‡aDetective and mystery fiction.
901 . ‡a278672 ‡bOCoLC ‡c278672 ‡tbiblio ‡soclc

Additional Resources